[Event "TUR-chT Clubs"]
[Site "Konya"]
[Date "2019.07.18"]
[Round "5.29"]
[White "Korkut, Ahmet"]
[Black "Bogaz, Mustafa"]
[Result "0-1"]
[WhiteElo "1348"]
[BlackElo "1597"]
[PlyCount "90"]
[EventDate "2019.07.16"]
[EventType "team-swiss"]
[EventRounds "9"]
[EventCountry "TUR"]
[SourceTitle "CBM 191 Extra"]
[Source "ChessBase"]
[SourceDate "2019.09.30"]
[SourceVersion "1"]
[SourceVersionDate "2019.09.30"]
[SourceQuality "1"]
[WhiteTeam "Magusa Dernegi"]
[BlackTeam "Corum Mavi Ay"]
[WhiteTeamCountry "TUR"]
[BlackTeamCountry "TUR"]

1. g3 e6 2. Nf3 f5 3. Bg2 Nf6 4. d4 d5 5. 0-0 Bd6 6. c4 c6 7. c5 Bc7 8. Nbd2 0-0 9. Nb3 Nbd7 10. Bd2 Ne4 11. Qc1 a5 12. Ng5 Qe8 13. Bf4 e5 14. dxe5 Bxe5 15. Bxe5 Nxe5 16. Nxe4 fxe4 17. Nd4 Qe7 18. a3 a4 19. f3 exf3 20. Nxf3 Nd7 21. Nd4 Rxf1+ 22. Qxf1 Qxc5 23. Qf2 Nf6 24. Rf1 Bd7 25. e3 Re8 26. h3 Qe7 27. e4 dxe4 28. Nf5 Bxf5 29. Qxf5 Qe5 30. Qf2 e3 31. Qe2 h6 32. h4 Qxg3 33. Rf3 Qe5 34. Bh3 Nd5 35. Rf5 Qg3+ 36. Bg2 Rf8 37. Rf3 Rxf3 38. Qxf3 Qxf3 39. Bxf3 Nf4 40. Kf1 e2+ 41. Bxe2 Nxe2 42. Kxe2 g5 43. h5 Kf7 44. Ke3 Ke6 45. Ke4 c5 0-1